000 00556pab a2200181 454500
008 180718b2005 xxu||||| |||| 00| 0 eng d
100 _aSathe, Anand G.
245 _aKnowledge, behaviour and attitudes about sexuality amongst adolescents in Pune: a situational analysis
260 _c2005
300 _ap.49-59.
362 _aJun
650 _aAdolescence - India - Maharashtra
650 _aSexual behaviour - India - Maharashtra
650 _aSexual behaviour
700 _aSathe, Shante
773 _aJournal of Family Welfare
909 _a69286
999 _c69286
_d69286